000 00535nam a2200181Ia 4500
003 OSt
005 20260424092427.0
008 240806s9999||||xx |||||||||||||| ||und||
020 _a9789966003287
040 _aKenya National Library Service
082 _a226.4 ODU
245 0 _aOduh daansah Yeesuh Kristoh ah:
_baka Luukah ni bareeseh.
_cWaata language project.
300 _aiv, 93 pages;
_c21 cm.
650 _aJesus Christ
_vBiography.
942 _cBK
_2ddc
999 _c285860
_d285860